000 00792cam a22002653a 4500
001 14776
003 PGUSA
005 20140828083321.0
008 050124s2005||||xxu|||||s|||||000 | eng d
040 _aPGUSA
_beng
042 _adc
050 4 _aSF
100 1 _aKincaid, P. R.
245 1 4 _aThe Arabian Art of Taming and Training Wild and Vicious Horses
_h[electronic resource] /
_cP. R. Kincaid
260 _bProject Gutenberg,
_c2005
500 _aIncludes The Horseman's Guide and Farrier, by John J. Stutzman.
506 _aPublic domain in the USA.
516 _aElectronic text
653 _aHorses -- Diseases
653 _aHorses
653 _aHorses -- Training
830 0 _aProject Gutenberg
_v14776
856 4 0 _uhttp://www.gutenberg.org/ebooks/14776
942 _cEB
999 _c244031
_d244031